|
|
|
|
| LEADER |
00000nam0a2200000 4500 |
| 001 |
311703 |
| 005 |
20231102002419.0 |
| 020 |
|
|
|a RU
|b 82-18946
|
| 035 |
|
|
|a (RuTPU)RU\TPU\book\337068
|
| 090 |
|
|
|a 311703
|
| 100 |
|
|
|a 20151210d1982 k y0rusy5003 ca
|
| 101 |
0 |
|
|a rus
|
| 102 |
|
|
|a RU
|
| 105 |
|
|
|a a z 001zy
|
| 200 |
1 |
|
|a Автоматическое управление режимами обработки деталей на станках
|f М. М. Тверской
|
| 210 |
|
|
|a Москва
|c Машиностроение
|d 1982
|
| 215 |
|
|
|a 208 с.
|c ил.
|
| 320 |
|
|
|a Библиогр.: с. 205-207
|
| 606 |
1 |
|
|a Металлорежущие станки
|x Режимы резания
|x Расчет на вычислительных машинах
|x Режимы резания оптимальные
|x Расчет
|2 stltpush
|3 (RuTPU)RU\TPU\subj\42647
|9 62306
|
| 610 |
1 |
|
|a детали
|
| 610 |
1 |
|
|a обработка
|
| 610 |
1 |
|
|a автоматическое управление
|
| 610 |
1 |
|
|a режимы резания
|
| 610 |
1 |
|
|a сверление
|
| 610 |
1 |
|
|a токарная обработка
|
| 610 |
1 |
|
|a фрезерование
|
| 610 |
1 |
|
|a шлифование
|
| 610 |
1 |
|
|a доводка
|
| 610 |
1 |
|
|a алгоритмы
|
| 610 |
1 |
|
|a динамика
|
| 610 |
1 |
|
|a металлообработка
|
| 610 |
1 |
|
|a вычислительные машины
|
| 610 |
1 |
|
|a расчеты
|
| 610 |
1 |
|
|a расчеты на ЭВМ
|
| 675 |
|
|
|a 621.9.06.014
|v 3
|
| 700 |
|
1 |
|a Тверской
|b М. М.
|g Михаил Михайлович
|
| 801 |
|
0 |
|a RU
|b RuMRKP
|c 19950704
|g psbo
|
| 801 |
|
1 |
|a RU
|b 63413507
|c 20151210
|
| 801 |
|
2 |
|a RU
|b 63413507
|c 20181015
|g RCR
|
| 942 |
|
|
|c BK
|